000 01155cam a2200337 i 4500
001 18393523
003 OSt
005 20230606082448.0
008 141203s2014 enk b 001 0 eng
010 _a 2014486022
020 _a9780414031708
040 _aDLC
_beng
_erda
_cDLC
042 _apcc
043 _ae-uk---
082 _a344.0092
_bPAT
100 1 _aPattinson, Shaun D.,
_eauthor.
245 1 0 _aMedical law & ethics /
_cShaun D. Pattinson, LL.B., M.A., Ph.D., F.R.S.A., professor of medical law and ethics at Durham University.
246 1 4 _aMedical law and ethics
250 _a4th edition.
264 1 _aLondon :
_bSweet & Maxwell,
_c2014.
300 _axlvii, 648 pages ;
_c24 cm
336 _atext
_btxt
_2rdacontent
337 _aunmediated
_bn
_2rdamedia
338 _avolume
_bnc
_2rdacarrier
504 _aIncludes bibliographical references (pages 589-631) and index.
650 0 _aMedical laws and legislation
_zGreat Britain.
650 0 _aMedical ethics.
906 _a7
_bcbc
_corigcop
_d2
_encip
_f20
_gy-gencatlg
942 _2ddc
_cBK
999 _c474
_d474